Computational fluid mechanics and heat transfer. (3rd edition) (Record no. 79639)
[ view plain ]
| 000 -LEADER | |
|---|---|
| fixed length control field | 01480nam a2200253 a 4500 |
| 008 - FIXED-LENGTH DATA ELEMENTS--GENERAL INFORMATION | |
| fixed length control field | 190710s2013 ||||||||||||||||| || u |
| 020 ## - INTERNATIONAL STANDARD BOOK NUMBER | |
| International Standard Book Number | 9781591690375 |
| 050 ## - LIBRARY OF CONGRESS CALL NUMBER | |
| Classification number | QA 901 Ple |
| 100 ## - MAIN ENTRY--PERSONAL NAME | |
| Personal name | Pletcher, Richard H |
| 245 10 - TITLE STATEMENT | |
| Title | Computational fluid mechanics and heat transfer. (3rd edition) |
| Statement of responsibility, etc. | By Richard H. Pletcher ; John C. Tannehill ; Dale A. Anderson |
| 250 ## - EDITION STATEMENT | |
| Edition statement | 3rd edition |
| 260 ## - PUBLICATION, DISTRIBUTION, ETC. | |
| Place of publication, distribution, etc. | Boca Raton |
| Name of publisher, distributor, etc. | CRC Press |
| Date of publication, distribution, etc. | 2013 |
| 300 ## - PHYSICAL DESCRIPTION | |
| Extent | xx, 753 pages : illustrations |
| 650 ## - SUBJECT ADDED ENTRY--TOPICAL TERM | |
| Topical term or geographic name entry element | HEAT TRANSMISSION |
| 650 ## - SUBJECT ADDED ENTRY--TOPICAL TERM | |
| Topical term or geographic name entry element | FLUID MECHANICS--DATA PROCESSING |
| 650 ## - SUBJECT ADDED ENTRY--TOPICAL TERM | |
| Topical term or geographic name entry element | HEAT--TRANSMISSION--DATA PROCESSING |
| 700 ## - ADDED ENTRY--PERSONAL NAME | |
| Personal name | Anderson, Dale A |
| 700 ## - ADDED ENTRY--PERSONAL NAME | |
| Personal name | Tannehill, John C |
| 995 ## - | |
| -- | MAIN LIBRARY OPEN ACCESS |
| -- | 133.10 |
| -- | 749395 |
| -- | CBU-MAIN LIBRARY (Kitwe) |
| -- | QA 901 Ple |
| -- | 2 |
| -- | AVAILABLE |
| -- | Jul 12, 2019 |
| -- | 749395 |
| -- | Main Library Open Access Collection |
| 995 ## - | |
| -- | MAIN LIBRARY OPEN ACCESS |
| -- | 133.10 |
| -- | 749397 |
| -- | CBU-MAIN LIBRARY (Kitwe) |
| -- | QA 901 Ple |
| -- | 4 |
| -- | AVAILABLE |
| -- | Jul 12, 2019 |
| -- | 749397 |
| -- | Main Library Open Access Collection |
| 995 ## - | |
| -- | MAIN LIBRARY OPEN ACCESS |
| -- | 133.10 |
| -- | 749396 |
| -- | CBU-MAIN LIBRARY (Kitwe) |
| -- | QA 901 Ple |
| -- | 3 |
| -- | AVAILABLE |
| -- | Jul 12, 2019 |
| -- | 749396 |
| -- | Main Library Open Access Collection |
| 995 ## - | |
| -- | SHORT LOAN BOOKS |
| -- | 750094 |
| -- | CBU-MAIN LIBRARY (Kitwe) |
| -- | 54.28 |
| -- | QA 901 Ple |
| -- | 5 |
| -- | AVAILABLE |
| -- | Nov 25, 2019 |
| -- | 750094 |
| -- | Short Loan Collection |
| 995 ## - | |
| -- | MAIN LIBRARY OPEN ACCESS |
| -- | 133.10 |
| -- | 749398 |
| -- | CBU-MAIN LIBRARY (Kitwe) |
| -- | QA 901 Ple |
| -- | 1 |
| -- | AVAILABLE |
| -- | Jul 12, 2019 |
| -- | 749398 |
| -- | Main Library Open Access Collection |
| 999 ## - | |
| -- | 79639 |
| -- | 79639 |
| Withdrawn status | Lost status | Source of classification or shelving scheme | Damaged status | Not for loan | Permanent Location | Current Location | Shelving location | Date acquired | Total Checkouts | Full call number | Barcode | Date last seen | Copy number | Price effective from | Koha item type |
|---|---|---|---|---|---|---|---|---|---|---|---|---|---|---|---|
| CBU-MAIN LIBRARY, KITWE. | CBU-MAIN LIBRARY, KITWE. | 06/29/2023 | QA 901 Ple | 749395 | 06/29/2023 | 1 | 06/29/2023 | MONOGRAPH | |||||||
| CBU-MAIN LIBRARY, KITWE. | CBU-MAIN LIBRARY, KITWE. | 06/29/2023 | QA 901 Ple | 749397 | 06/29/2023 | 2 | 06/29/2023 | MONOGRAPH | |||||||
| CBU-MAIN LIBRARY, KITWE. | CBU-MAIN LIBRARY, KITWE. | 06/29/2023 | QA 901 Ple | 749396 | 06/29/2023 | 3 | 06/29/2023 | MONOGRAPH | |||||||
| CBU-MAIN LIBRARY, KITWE. | CBU-MAIN LIBRARY, KITWE. | 06/29/2023 | QA 901 Ple | 750094 | 06/29/2023 | 4 | 06/29/2023 | SHORT LOAN COLLECTION | |||||||
| CBU-MAIN LIBRARY, KITWE. | CBU-MAIN LIBRARY, KITWE. | 06/29/2023 | QA 901 Ple | 749398 | 06/29/2023 | 5 | 06/29/2023 | MONOGRAPH |